00946nam a2200229 a 450000100100000000500170001000800410002702000150006804000250008308200160010810000230012424502540014726000390040130000320044049000230047250000540049550400740054970000220062370000210064570000270066683000230069300002533120200930023719.0110214s2004 sz a r 000 0 spa d a9291620266 aDO-SdBNPbspacBNPHU axxxxbM991c1 aMusungu, Sisule F.10aCómo utilizar las flexibilidades previstas en el acuerdo sobre los ADPIC para proteger la salud pública mediante marcos regionales de cooperación sur-sur /cSisule F. Musungu , Susan Villanueva , Roxana Blasetti ; traducción Celina Iñones. aGénova :bCentro del sur,c2004. axv, 102 p. :bil. ;c21 cm.1 aSouth Perspectives aIncluye referencias bibliográficas p. [98-102]. aIncluye referencias bibliográficas y notas al pie de las páginas.1 aVillanueva, Susan1 aBlasetti, Roxana1 aIñones, Celina,etr. 0aSouth Perspectives